Výklad harmonizovaných právnych predpisov v Slovenskej republike

Výklad národného práva vo svetle smernice. Prehľad judikatúry ESD ku smerniciokonformnému výkladu. Výklad národného práva pôsobnosti smernice. Spôsoby smernicovokonformného výkladu.

Salvato in:
Dettagli Bibliografici
Autore principale: Csach, Kristián
Natura: Capitolo di libro
Lingua:slovacco
Soggetti:
Tags: Aggiungi Tag
Nessun Tag, puoi essere il primo ad aggiungerne!!

MARC

LEADER 00000naa$a2200000$$$4500
001 0052496
005 20231102091737.8
041 0 |a slo 
044 |a SK 
245 1 0 |a Výklad harmonizovaných právnych predpisov v Slovenskej republike  |c Kristián Csach 
520 |a Výklad národného práva vo svetle smernice. Prehľad judikatúry ESD ku smerniciokonformnému výkladu. Výklad národného práva pôsobnosti smernice. Spôsoby smernicovokonformného výkladu. 
610 2 0 |a aproximácia práva 
610 2 0 |a Európska únia 
610 2 0 |a Slovensko 
610 2 0 |a úpravy právne 
610 2 0 |a smernice 
610 2 0 |a predpisy právne 
610 2 0 |a harmonizácia 
100 1 |a Csach, Kristián